[Event "GER-ch U10"]
[Site "Willingen"]
[Date "2008.05.11"]
[Round "1"]
[White "Zeller, Anna"]
[Black "Altstadt, Karl Simon"]
[Result "0-1"]
[WhiteElo "690"]
[BlackElo "1177"]
[PlyCount "76"]
[EventDate "2008.05.11"]
[EventType "swiss"]
[EventRounds "11"]
[EventCountry "GER"]
[SourceTitle "CBM 124 Extra"]
[Source "ChessBase"]
[SourceDate "2008.07.03"]
[SourceVersion "1"]
[SourceVersionDate "2008.07.03"]
[SourceQuality "1"]

1. e4 e5 2. Nf3 Nc6 3. c3 Nf6 4. d4 d6 5. Bc4 Be7 6. Ng5 0-0 7. Bxf7+ Rxf7 8. Nxf7 Kxf7 9. 0-0 Nxe4 10. Qf3+ Nf6 11. Bg5 exd4 12. Bxf6 Bxf6 13. cxd4 Nxd4 14. Qh5+ Kf8 15. Qxh7 Nc2 16. Re1 Nxe1 17. Qh8+ Ke7 18. Qxd8+ Kxd8 19. Nc3 Nd3 20. Rd1 Nxb2 21. Rc1 Nd3 22. Rd1 Bf5 23. Nd5 Bd4 24. Ne3 Bxe3 25. fxe3 Kd7 26. h3 Rf8 27. g4 Be4 28. Rf1 Rxf1+ 29. Kxf1 Bf3 30. g5 c5 31. Kg1 c4 32. h4 c3 33. h5 c2 34. Kh2 Nf2 35. h6 c1Q 36. hxg7 Qh1+ 37. Kg3 Qg2+ 38. Kf4 Qg4# 0-1